<?xml version="1.0" encoding="UTF-8"?><?xml-stylesheet type="text/xsl" href="static/style.xsl"?><OAI-PMH xmlns="http://www.openarchives.org/OAI/2.0/" xmlns:xsi="http://www.w3.org/2001/XMLSchema-instance" xsi:schemaLocation="http://www.openarchives.org/OAI/2.0/ http://www.openarchives.org/OAI/2.0/OAI-PMH.xsd"><responseDate>2026-06-06T05:01:03Z</responseDate><request verb="GetRecord" identifier="oai:riuma.uma.es:10630/33033" metadataPrefix="marc">https://riuma.uma.es/rest/oai/request</request><GetRecord><record><header><identifier>oai:riuma.uma.es:10630/33033</identifier><datestamp>2026-02-03T10:57:07Z</datestamp><setSpec>com_10630_2254</setSpec><setSpec>col_10630_37953</setSpec></header><metadata><record xmlns="http://www.loc.gov/MARC21/slim" xmlns:dcterms="http://purl.org/dc/terms/" xmlns:doc="http://www.lyncode.com/xoai" xmlns:xsi="http://www.w3.org/2001/XMLSchema-instance" xsi:schemaLocation="http://www.loc.gov/MARC21/slim http://www.loc.gov/standards/marcxml/schema/MARC21slim.xsd">
   <leader>00925njm 22002777a 4500</leader>
   <datafield ind2=" " ind1=" " tag="042">
      <subfield code="a">dc</subfield>
   </datafield>
   <datafield ind2=" " ind1=" " tag="720">
      <subfield code="a">Morillo Baro, Juan Pablo</subfield>
      <subfield code="e">author</subfield>
   </datafield>
   <datafield ind2=" " ind1=" " tag="720">
      <subfield code="a">Reigal-Garrido, Rafael Enrique</subfield>
      <subfield code="e">author</subfield>
   </datafield>
   <datafield ind2=" " ind1=" " tag="720">
      <subfield code="a">Hernández-Mendo, Antonio</subfield>
      <subfield code="e">author</subfield>
   </datafield>
   <datafield ind2=" " ind1=" " tag="260">
      <subfield code="c">2016</subfield>
   </datafield>
   <datafield ind2=" " ind1=" " tag="520">
      <subfield code="a">El objetivo de la presente investigación fue examinar las relaciones entre el perfil psicológico deportivo y la ansiedad competitiva en una muestra de jugadores de balonmano playa. En el estudio participaron un total de 112 jugadores sub-19 y senior con edades entre 17 y 32 años (M = 23.23; DE = 6.81). Un 55.36% de género masculino (n = 62) y el 44.64% de género femenino (n = 50). Se utilizó el Inventario Psicológico de Ejecución Deportiva (IPED) para analizar el perfil psicológico deportivo de los participantes y el Inventario del Estado de Ansiedad en Competición-2 (CSAI-2) para evaluar el estado de ansiedad y la autoconfianza. Los análisis de correlación y de regresión lineal efectuados pusieron de manifiesto relaciones significativas entre los constructos estudiados. Para el total de la muestra el control de afrontamiento negativo y el nivel motivacional fueron los mejores predictores de la ansiedad, y el control de afrontamiento negativo y positivo los predictores más importantes de la autoconfianza, existiendo algunas diferencias en función del género en todos los modelos. Los resultados hallados denotan una relación entre las variables analizadas y sugieren que el conocimiento de los perfiles psicológicos deportivos podría ayudar a analizar los estados de ansiedad y confianza en los deportistas.</subfield>
   </datafield>
   <datafield ind1="8" ind2=" " tag="024">
      <subfield code="a">Morillo Baro, J. P., Reigal Garrido, R. E., &amp; Hernández-Mendo, A. (2016). Relaciones entre el perfil psicológico deportivo y la ansiedad competitiva en jugadores de balonmano playa. Revista de Psicología del Deporte, 25(1), 121-128.</subfield>
   </datafield>
   <datafield ind1="8" ind2=" " tag="024">
      <subfield code="a">1132-239X</subfield>
   </datafield>
   <datafield ind1="8" ind2=" " tag="024">
      <subfield code="a">https://hdl.handle.net/10630/33033</subfield>
   </datafield>
   <datafield tag="653" ind2=" " ind1=" ">
      <subfield code="a">Deportes - Aspectos psicológicos</subfield>
   </datafield>
   <datafield ind2="0" ind1="0" tag="245">
      <subfield code="a">Relaciones entre el perfil psicológico deportivo y la ansiedad competitiva en jugadores de balonmano playa</subfield>
   </datafield>
</record>
</metadata></record></GetRecord></OAI-PMH>